000 00437nam a2200181Ia 4500
001 5144
005 20260306145846.0
008 260306t2020||||xx |||||||||||||| ||spa||
041 _aESP
082 _a333.98554
_bU85
100 _aUrrutia, Jaime,
_eAUT
245 0 _aAyacucho. Idas y vueltas de la reforma agraria
260 _c2020
300 _a174 hojas :
_c21 cm.
650 _aGEN
654 _aCAN
942 _cLIB
_dJUS
_fJUS
_2ddc
_n
999 _c5144
_d5144